Statistics for Where was I born, again?

Click here to take the quiz!

General Stats

  • This quiz has been taken 22 times
  • The average score is 5 of 15

Answer Stats

QuestionAnswer% Correct
Charlie ChaplinLondon, England
64%
Mel GibsonPeekskill, NY, USA
59%
Keanu ReevesBeirut, Lebanon
50%
Bruce WillisIdar-Oberstein, West Germany
50%
Ben Kingsley a.k.a. Krishna Pandit BhanjiSnainton, England
45%
Russell CroweWellington, New Zealand
41%
Arnold SchwarzeneggerThal, Austria
36%
MadonnaBay City, MI, USA
27%
Dwayne "the Rock" JohnsonHayward, CA, USA
27%
Nicole KidmanHonolulu, USA
27%
Bruce LeeSan Francisco, USA
23%
Mila KunisChernivtsi, Soviet Union
18%
Rami MalekTorrance, CA, USA
18%
Ken JeongDetroit, MI, USA
9%
Ice-TNewark, NJ, USA
9%

Score Distribution

Percentile by Number Answered

Percent of People with Each Score

Your Score History

You have not taken this quiz